Music Quiz

Random Music or Singers Quiz

Sorting Blitz: Musicians Quiz Stats

 Plays Quiz Updated Oct 25, 2019

Support Sporcle.
Go Orange.
Score 0/40 Timer 01:30
4 Plays Today
% Correct
???
56%
???
55.3%
???
54.9%
???
53.8%
???
53.7%
???
53.6%
???
53%
???
51.8%
???
51.4%
???
51.2%
???
50.3%
???
49.9%
???
49.4%
???
48.7%
???
47.8%
???
46.9%
???
46.8%
???
46.6%
???
45.1%
???
44.9%
% Correct
???
43.4%
???
42.4%
???
41.5%
???
41.1%
???
40.9%
???
40.1%
???
39.1%
???
39.1%
???
38.6%
???
38.5%
???
38.1%
???
37.4%
???
37.3%
???
35.8%
???
31.6%
???
31.2%
???
28.3%
???
25.6%
???
22.9%
???
21.9%

From the Vault

Word Laddyrinth

by betraisefold

Don't get lost, you might run into muppets.
Remove Ads.
Support Sporcle.
Get the best of Sporcle when you Go Orange. This ad-free experience offers more features, more stats, and more fun while also helping to support Sporcle. Thank you for becoming a member.

Show Comments

Extras

Top Quizzes Today


Score Distribution

Your Account Isn't Verified!

In order to create a playlist on Sporcle, you need to verify the email address you used during registration. Go to your Sporcle Settings to finish the process.

Report this User

Report this user for behavior that violates our Community Guidelines.

Details: